All Billie Eilish's songs - Statistics

General Stats
  • This quiz has been taken 921 times
    506 since last reset
  • The average score is 45 of 64
Answer Stats
Album/EP Songs % Correct
Happier Than Ever Happier Than Ever
93%
WHEN WE ALL FALL ASLEEP WHERE DO WE GO ? bad guy
92%
HIT ME HARD AND SOFT LUNCH
92%
HIT ME HARD AND SOFT BIRDS OF A FEATHER
89%
HIT ME HARD AND SOFT WILDFLOWER
89%
Guitar Songs TV
88%
Guitar Songs TV
88%
HIT ME HARD AND SOFT BLUE
86%
HIT ME HARD AND SOFT CHIHIRO
85%
don't smile at me ocean eyes
85%
HIT ME HARD AND SOFT SKINNY
85%
HIT ME HARD AND SOFT THE GREATEST
84%
Guitar Songs The 30th
82%
Guitar Songs The 30th
82%
HIT ME HARD AND SOFT THE DINER
82%
don't smile at me COPYCAT
81%
don't smile at me bellyache
79%
HIT ME HARD AND SOFT L'AMOUR DE MA VIE
79%
WHEN WE ALL FALL ASLEEP WHERE DO WE GO ? i love you
78%
don't smile at me watch
78%
HIT ME HARD AND SOFT BITTERSUITE
77%
don't smile at me idontwannabeyouanymore
77%
don't smile at me &burn
76%
Happier Than Ever NDA
74%
Happier Than Ever Oxytocin
74%
Happier Than Ever Therefore I Am
74%
Single What was I made for?
74%
WHEN WE ALL FALL ASLEEP WHERE DO WE GO ? good bye
72%
Happier Than Ever Male Fantasy
72%
don't smile at me my boy
72%
WHEN WE ALL FALL ASLEEP WHERE DO WE GO ? xanny
72%
Happier Than Ever Your Power
71%
WHEN WE ALL FALL ASLEEP WHERE DO WE GO ? 8
70%
WHEN WE ALL FALL ASLEEP WHERE DO WE GO ? ilomilo
70%
WHEN WE ALL FALL ASLEEP WHERE DO WE GO ? when the party's over
70%
WHEN WE ALL FALL ASLEEP WHERE DO WE GO ? bury a friend
69%
Single lovely
69%
Happier Than Ever my future
69%
WHEN WE ALL FALL ASLEEP WHERE DO WE GO ? all the good girls go to hell
68%
WHEN WE ALL FALL ASLEEP WHERE DO WE GO ? you should see me in a crown
68%
Happier Than Ever Getting Older
67%
WHEN WE ALL FALL ASLEEP WHERE DO WE GO ? listen before i go
67%
Happier Than Ever Billie Bossa Nova
66%
don't smile at me hostage
66%
don't smile at me party favor
66%
WHEN WE ALL FALL
ASLEEP WHERE DO
WE GO ?
wish you were gay
66%
Single everything i wanted
65%
Happier Than Ever Halley's Comet
65%
Happier Than Ever I Didn't Change My Number
65%
Single No Time To Die
65%
Happier Than Ever GOLDWING
64%
Single Bored
62%
Happier Than Ever Not My Responsibility
62%
Happier Than Ever Lost Cause
61%
WHEN WE ALL FALL ASLEEP WHERE DO WE GO ? my strange addiction
60%
Single Guess
59%
Happier Than Ever OverHeated
59%
Single Six Feet Under
58%
Single bitches broken hearts
52%
Happier Than Ever Everybody Dies
52%
Single come out and play
51%
Single WHEN I WAS OLDER
44%
Single Lo Vas A Olvidar
39%
Single Never felt so alone
28%
No matching quizzes found
Score Distribution
Percent of People with Each Score
Percentile by Number Answered
Your Score History
You have not taken this quiz since the last reset